| 000 | 00827nam a2200253Ia 4500 | ||
|---|---|---|---|
| 003 | OSt | ||
| 005 | 20220926033241.0 | ||
| 006 | a|||||r|||| 00| 0 | ||
| 007 | ta | ||
| 008 | 220923b |||||||| |||| 00| 0 eng d | ||
| 020 |
_a9780198815501 _c6093.10 |
||
| 037 |
_b53, 23/01/2019, CLASSIC BOOKS SERVICES _cGeneral Book |
||
| 040 |
_aRTL _cRTL _beng |
||
| 041 |
_2eng _aeng |
||
| 082 | _aX:9, Q9 | ||
| 100 |
_aFIELDS Gary S _9248305 |
||
| 245 | 0 |
_aEmployment and development _b How work can lead from and into poverty. |
|
| 260 |
_aU.K. _bOxford University Press _c2019 |
||
| 300 |
_axvii, 449p _ccm. |
||
| 500 | _aBibliography: p.268-289; Glossary: p.263-267 | ||
| 650 | _aEconomics | ||
| 942 |
_hX:9, Q9 _cGB _2CC |
||
| 999 |
_c656505 _d656505 |
||